000 01181njm a22002777a 4500
005 20100916140038.0
006 a|||||r|||||00| 0
007 sd ammalaaahaa
008 100901t xxu||||| |||| 00| 0 eng d
028 _aECSD. 14613
_bEMI
035 _aGR-02908
040 _aSED
_cSED
100 _aMehdi Hassan
_917891
245 _aMehdi Hassan in concert /
_cby Mehdi Hassan; lyric by Ahmed Faraz
_h[Sound recording]
246 _aमेहदी हस्सन इन कंसर्ट / मेहदी हस्सन द्वारा
260 _aDum Dum, India
_bEMI
_c1978
300 _a1 Sound disc [Gramophone Recording] :
_banalog, 33 1/3 rpm
_c12 in. (LP)
_fGramophone Record
500 _aBrief record
500 _aRecord Labels : EMI, Red
505 _aSide-1 अबके हम बिछरे (Abke ham bichhre) (Mehdi Hassan) --Side-2 नक्श ख्याल दिल से (Naqsh khayal dil se) (Mehdi Hassan)
600 _aMehdi Hassan
_919718
650 _aUrdu songs
_xExcerpts
_zIndia
_917892
700 _aAhmad Faraz
_920094
942 _2ddc
_cGR
999 _c46180
_d46180